Latest industry survey shows sales up... and builders' confidence increasing (Record no. 81829)

MARC details
000 -LEADER
fixed length control field 01050cad a22002055a 4500
001 - CONTROL NUMBER
control field L148420
008 - FIXED-LENGTH DATA ELEMENTS--GENERAL INFORMATION
fixed length control field 090916e20090911xxk f s 000 0 eng d
035 ## - SYSTEM CONTROL NUMBER
System control number (Sirsi) u148420
041 0# - LANGUAGE CODE
Language code of text/sound track or separate title eng
110 2# - MAIN ENTRY--CORPORATE NAME
Corporate name or jurisdiction name as entry element Home Builders Federation
9 (RLIN) 4896
245 00 - TITLE STATEMENT
Title Latest industry survey shows sales up... and builders' confidence increasing
Medium [electronic resource]
260 ## - PUBLICATION, DISTRIBUTION, ETC.
Date of publication, distribution, etc. 2009
490 #0 - SERIES STATEMENT
Series statement HBF Press Release
Volume/sequential designation 11 September 2009
520 ## - SUMMARY, ETC.
Summary, etc. Reports results of Home Builders Federation's new homes survey for July 2009. Suggests that new homes reservations and builders' confidence increased compared to a year ago. This shows an improvement in the market. Builders expect new home sales to increase in the last semester of 2009.
590 ## - LOCAL NOTE (RLIN)
Local note KA
651 #4 - SUBJECT ADDED ENTRY--GEOGRAPHIC NAME
Geographic name England
Chronological subdivision 886-
690 ## - LOCAL SUBJECT ADDED ENTRY--TOPICAL TERM (OCLC, RLIN)
Topical term or geographic name as entry element PROPERTY-RESIDENTIAL PROPERTY-RESIDENTIAL PROPERTY MARKET
856 40 - ELECTRONIC LOCATION AND ACCESS
Uniform Resource Identifier <a href="https://www.hbf.co.uk/Latest-industry-survey-shows-sales-up-and-builders-39-confidence-increasing-db7d441">https://www.hbf.co.uk/Latest-industry-survey-shows-sales-up-and-builders-39-confidence-increasing-db7d441</a>
Public note View the press release free of charge online at www.hbf.co.uk...
942 ## - ADDED ENTRY ELEMENTS (KOHA)
Suppress in OPAC 0
Holdings
Withdrawn status Lost status Source of classification or shelving scheme Damaged status Not for loan Home library Current library Shelving location Date acquired Total Checkouts Full call number Barcode Date last seen Copy number Price effective from Koha item type
    Dewey Decimal Classification     Virtual Virtual Online 16/09/2009   ONLINE PUBLICATION 148420-2001 06/08/2019 1 06/08/2019 Journal article